| 000 | 00474nam a2200193Ia 4500 | ||
|---|---|---|---|
| 008 | 101110s9999 xx 000 0 und d | ||
| 041 | _aENGLISH | ||
| 082 | _bJR1907 | ||
| 100 | _aApsangikar, Dhage, Golatkar | ||
| 245 | _aSteps in Biology XII | ||
| 365 | _b30.5 | ||
| 520 | _aBiology/Zoology | ||
| 546 | _aENGLISH | ||
| 630 | _aSteps in Biology XII | ||
| 650 | _aBiology/Zoology | ||
| 655 | _aBiology/Zoology | ||
| 730 | _aSteps in Biology XII | ||
| 942 | _cBOOK | ||
| 999 |
_c793953 _d793950 |
||